DJ connu à l'international - Statistiques

Statistiques générales
  • Ce quiz a été pris 112 fois
  • Le résultat moyen est 7 sur 16
Statistiques - réponses
Par images Réponse % Correct
David Guetta
98%
DJ snake
91%
Bob Sinclar
74%
Steve Aoki
57%
Tiesto
55%
Timmy Trumpet
48%
Lost Frequencies
39%
Charlotte de Witte
36%
Dimitri Vegas
35%
Armin Van Buuren
30%
James Hype
30%
Amelie Lens
28%
Like Mike
25%
Morten
22%
Anyma
21%
Sara Landry
20%
Aucun quiz correspondant
Distribution des résultats
% des personnes avec chaque résultat
Percentile par nombre de réponses
Votre historique - résultats
Vous n’avez pas pris ce quiz